William Burguess. Un soldado norteamericano en la Intervención a México en 1846.
Gespeichert in:
| 1. Verfasser: | |
|---|---|
| Körperschaft: | |
| Format: | Buch |
| Sprache: | Spanish |
| Veröffentlicht: |
Azcapotzalco, Distrito Federal, México.
Universidad Autónoma Metropolitana
1981
|
| Schlagworte: | |
| Tags: |
Tag hinzufügen
Keine Tags, Fügen Sie den ersten Tag hinzu!
|
MARC
| LEADER | 00000nam a22000007a 4500 | ||
|---|---|---|---|
| 003 | cru CIDCACS/IIS | ||
| 005 | 20190117062528.0 | ||
| 008 | 190115b1981 MX ||||| |||| 00| 0 spa d | ||
| 999 | |c 42033 |d 42033 | ||
| 040 | |c cru CIDCACS/IIS | ||
| 090 | |a REV0001 2(4) 1981 | ||
| 100 | |a Gojman de Backal, Alicia |9 8189 | ||
| 110 | 2 | |a Universidad Nacional Autónoma de México, UNAM |9 4472 | |
| 245 | |a William Burguess. |b Un soldado norteamericano en la Intervención a México en 1846. |c Alicia Gojman Backal | ||
| 260 | |a Azcapotzalco, Distrito Federal, México. |b Universidad Autónoma Metropolitana |c 1981 | ||
| 300 | |a Páginas 71-89. | ||
| 650 | 0 | |9 136 |a HISTORIA | |
| 650 | 0 | |9 382 |a POLITICA INTERNACIONAL | |
| 650 | 0 | |9 676 |a GEOPOLITICA | |
| 650 | 4 | |9 1934 |a MILITARISMO | |
| 651 | 0 | |9 3410 |a MEXICO | |
| 651 | 0 | |9 245 |a ESTADOS UNIDOS | |
| 653 | |a 1846 | ||
| 773 | 0 | |0 18805 |9 2590 |d Azcapotzalco UAM |o 02234 |t AZCAPOTZALCO | |
| 942 | |2 ddc |c PP | ||
